International Residence Code 2024 (Record no. 14317)
[ view plain ]
| 000 -LEADER | |
|---|---|
| fixed length control field | 00321nam a2200145Ia 4500 |
| 003 - CONTROL NUMBER IDENTIFIER | |
| control field | OSt |
| 005 - DATE AND TIME OF LATEST TRANSACTION | |
| control field | 20260326180315.0 |
| 008 - FIXED-LENGTH DATA ELEMENTS--GENERAL INFORMATION | |
| fixed length control field | 260210s9999 xx 000 0 und d |
| 020 ## - INTERNATIONAL STANDARD BOOK NUMBER | |
| International Standard Book Number | 9781959851639 |
| 082 ## - DEWEY DECIMAL CLASSIFICATION NUMBER | |
| Classification number | 690.218 |
| 100 ## - MAIN ENTRY--PERSONAL NAME | |
| Personal name | ICC |
| 245 #0 - TITLE STATEMENT | |
| Title | International Residence Code 2024 |
| 260 ## - PUBLICATION, DISTRIBUTION, ETC. (IMPRINT) | |
| Name of publisher, distributor, etc | ICC |
| 942 ## - ADDED ENTRY ELEMENTS (KOHA) | |
| Item type | UG Books |
| Source of classification or shelving scheme | |
| Withdrawn status | Lost status | Source of classification or shelving scheme | Damaged status | Koha normalized classification for sorting | Not for loan | Permanent location | Current location | Shelving location | Date acquired | Full call number | Barcode | Date last seen | Price effective from | Koha item type |
|---|---|---|---|---|---|---|---|---|---|---|---|---|---|---|
| 690_218000000000000 | BMS College of Architecture, Design and Planning | BMS College of Architecture, Design and Planning | General Stacks | 2025-12-17 | 690.218 | AR-UG5233 | 2026-02-10 | 2026-02-10 | UG Books | |||||
| 690_218000000000000 | BMS College of Architecture, Design and Planning | BMS College of Architecture, Design and Planning | General Stacks | 2025-12-17 | 690.218 | AR-UG5234 | 2026-02-10 | 2026-02-10 | UG Books |